Φορτώνει......

Rousseau, Kant, Goethe : two essays /

The Princeton Legacy Library uses the latest print-on-demand technology to again make available previously out-of-print books from the distinguished backlist of Princeton University Press. These editions preserve the original texts of these important books while presenting them in durable paperback...

Πλήρης περιγραφή

Λεπτομέρειες βιβλιογραφικής εγγραφής
Κύριος συγγραφέας: Cassirer, Ernst
Μορφή: Printed Book
Γλώσσα:English
Έκδοση: Princeton : Princeton University Press, c1945.
Σειρά:History of ideas series, no. 1
Θέματα:
LEADER 01472cam a22002291 4500
008 750915s19611945nju 000 0 eng
020 |a 0691019703 
082 |a 190 
100 1 |a Cassirer, Ernst 
245 1 0 |a Rousseau, Kant, Goethe :  |b two essays /  |c translated from the German by James Gutmann, Paul Oskar Kristeller, and John Herman Randall, Jr. 
260 |a Princeton :  |b Princeton University Press,  |c c1945. 
300 |a 98 p. ;  |c 21 cm. 
490 0 |a History of ideas series,  |v no. 1 
520 |a The Princeton Legacy Library uses the latest print-on-demand technology to again make available previously out-of-print books from the distinguished backlist of Princeton University Press. These editions preserve the original texts of these important books while presenting them in durable paperback and hardcover editions. The goal of the Princeton Legacy Library is to vastly increase access to the rich scholarly heritage found in the thousands of books published by Princeton University Press since its founding in 1905. 
600 1 0 |a Goethe, Johann Wolfgang von,  |d 1749-1832. 
600 1 0 |a Kant, Immanuel,  |d 1724-1804. 
600 1 0 |a Rousseau, Jean-Jacques,  |d 1712-1778. 
653 |a Goethe, Johann Wolfgang von  |a Rousseau, Jean Jacques  |a Kant, Immanuel 
906 |a 7  |b cbc  |c oclcrpl  |d u  |e ncip  |f 19  |g y-gencatlg 
942 |c BK 
999 |c 274880  |d 274880 
952 |0 0  |1 0  |4 0  |6 190_000000000000000_CAS_R  |7 0  |9 309305  |a PHL  |b PHL  |c ST1  |d 2015-03-20  |i 88  |l 0  |o 190 CAS/R  |p PHL88  |r 2015-03-20  |y BK